00358 2200133 4500001002100000035001900021245005900040100002500099260005200124084001300176650000900189990001300198990001300211INLIS000000000000450$a 0010-0221000082$a KKPK: TENTERAM DENGAN SHALAT / $c NAFILA RADYANA SYAMMA$a NAFILA RADYANA SYAMMA$b MUFFIN GRAPHICS (PT CERITA ANAK BANGSA) $c 2018 $a 813 NAF K$a Fiksi$a 4851/2018$a 4852/2018